Financial Accounting: Tools for Business Decision-Making (Record no. 5993)

MARC details
005 - DATE AND TIME OF LATEST TRANSACTION
control field 20250628120607.0
020 ## - INTERNATIONAL STANDARD BOOK NUMBER
International Standard Book Number 0-471-64604-0
082 ## - DEWEY DECIMAL CLASSIFICATION NUMBER
Classification number 657.044 FIN
245 ## - TITLE STATEMENT
Title Financial Accounting: Tools for Business Decision-Making
260 ## - PUBLICATION, DISTRIBUTION, ETC.
Place of publication, distribution, etc. New York,
Name of publisher, distributor, etc. John Wiley & Sons,
Date of publication, distribution, etc. 2001.
300 ## - PHYSICAL DESCRIPTION
Extent xviii, 842p.; ill.; figure, table, picture
Other physical details Index
Dimensions 29cm.
700 ## - ADDED ENTRY--PERSONAL NAME
Other authors/Editors KIMMEL, P et all...
942 ## - ADDED ENTRY ELEMENTS (KOHA)
Source of classification or shelving scheme Dewey Decimal Classification
Koha item type Books
Holdings
Date last seen Total checkouts Full call number Barcode Cost, replacement price Price effective from Koha item type Lost status Source of classification or shelving scheme Damaged status Not for loan Withdrawn status Home library Current library Shelving location Date acquired Cost, normal purchase price
06/28/2025   657.044 FIN DOM000478 300000.00 06/28/2025 Books   Dewey Decimal Classification       CBE Dodoma CBE Dodoma General Collection 06/03/2009 100000.00